Statistics for Countries with the worst Human Rights

Click here to take the quiz!

General Stats

  • This quiz has been taken 229 times
  • The average score is 9 of 18

Answer Stats

ContinentCountry% Correct
AsiaNorth Korea
81%
AsiaChina
75%
EuropeBelarus
71%
AsiaSyria
71%
AsiaSaudi Arabia
66%
Asia/ EuropeTurkey
66%
AfricaSudan
63%
AfricaSomalia
62%
North AmericaCuba
56%
AfricaChad
46%
AfricaEritrea
45%
AfricaLibya
44%
AsiaMyanmar
43%
AsiaTurkmenistan
36%
AsiaLaos
32%
AsiaUzbekistan
26%
AfricaEquatorial Guinea
14%
AfricaGuinea
12%

Score Distribution

Percentile by Number Answered

Percent of People with Each Score

Your Score History

You have not taken this quiz